[Event "AUTO-OPEN-1155"]
[Site "http://www.queenalice.com/game.php?id=414486"]
[Date "2008.6.7"]
[Round "1"]
[White "ronmos14"]
[Black "PROCURADOR_DA_REPUBLICA"]
[Result "1-0"]
[WhiteElo "1623"]
[BlackElo "1448"]

1. e4 e5 2. Nf3 Nc6 3. b3 d5 4. Nc3 d4 5. Nd5 Be6 6. Bc4 Nf6 7. d3 Bxd5 8. exd5
Bb4+ 9. Bd2 e4 10. dxe4 Nxe4 11. dxc6 Bc3 12. cxb7 Rb8 13. Ne5 O-O 14. O-O Bxa1
15. Nc6 Qf6 16. Nxb8 Rxb8 17. f3 Nxd2 18. Qxd2 Bc3 19. Qd3 Rxb7 20. Re1 g6 21.
Re8+ Kg7 22. h3 c6 23. a4 Re7 24. Rxe7 Qxe7 25. f4 Be1 26. Qxd4+ f6 27. Kf1 Bg3
28. Be2 Qa3 29. Qxa7+ Kh6 30. Qd4 Qc1+ 31. Bd1 Qxf4+ 32. Qxf4+ 1-0

[Event "AUTO-OPEN-1155"]
[Site "http://www.queenalice.com/game.php?id=414487"]
[Date "2008.6.7"]
[Round "1"]
[White "PROCURADOR_DA_REPUBLICA"]
[Black "ronmos14"]
[Result "0-1"]
[WhiteElo "1447"]
[BlackElo "1558"]

1. e4 e5 2. Nf3 Nc6 3. d4 Nf6 4. dxe5 Nxe4 5. Nc3 Bb4 6. Qe2 Nxc3 7. Qc4 Nxa2+
8. Nd2 Nxc1 9. Rxc1 Qg5 10. g3 Qxd2# 0-1

[Event "AUTO-INT-1043"]
[Site "http://www.queenalice.com/game.php?id=465857"]
[Date "2008.9.20"]
[Round "1"]
[White "westchessdf"]
[Black "PROCURADOR_DA_REPUBLICA"]
[Result "1-0"]
[WhiteElo "1726"]
[BlackElo "1423"]

1. d4 d5 2. Nc3 g6 3. Nf3 Bg7 4. Bf4 Nf6 5. e3 Bg4 6. Be2 O-O 7. O-O b6 8. Nb5
Nc6 9. Nxc7 Rc8 10. h3 Nh5 11. Bh2 Bxh3 12. gxh3 Qxc7 13. c3 Qd7 14. Ne5 Nxe5
15. Bxh5 Nc4 16. Bg4 e6 17. b3 f5 18. Be2 Nb2 19. Qc2 g5 20. Qxb2 1-0

[Event "AUTO-INT-1043"]
[Site "http://www.queenalice.com/game.php?id=465858"]
[Date "2008.9.20"]
[Round "1"]
[White "PROCURADOR_DA_REPUBLICA"]
[Black "westchessdf"]
[Result "0-1"]
[WhiteElo "1436"]
[BlackElo "1721"]

1. e4 g6 2. g3 Bg7 3. Nf3 d6 4. Bg2 Nc6 5. d4 Bg4 6. O-O Nf6 7. Qe1 O-O 8. c4
Re8 9. d5 Bxf3 10. Bxf3 Nd4 11. Qc3 Nd7 12. Qe3 Ne5 13. Be2 Nxe2+ 14. Qxe2 c6
15. f4 Nd7 16. f5 cxd5 17. fxg6 fxg6 18. Nc3 dxe4 0-1

[Event "Challenge"]
[Site "http://www.queenalice.com/game.php?id=475743"]
[Date "2008.10.11"]
[Round "-"]
[White "flaviovieira"]
[Black "PROCURADOR_DA_REPUBLICA"]
[Result "1-0"]
[WhiteElo "1681"]
[BlackElo "1430"]

1. e4 e5 2. Nf3 Nf6 3. Nxe5 d5 4. d4 Nxe4 5. Qe2 Bd6 6. f3 Bxe5 7. dxe5 Nc5 8.
Qb5+ Ncd7 9. Qxd5 O-O 10. f4 Nb6 11. Qxd8 Rxd8 12. Be3 Bf5 13. c3 f6 14. exf6
1-0

[Event "AUTO-INT-1129"]
[Site "http://www.queenalice.com/game.php?id=505095"]
[Date "2008.12.9"]
[Round "1"]
[White "PROCURADOR_DA_REPUBLICA"]
[Black "dandi27"]
[Result "0-1"]
[WhiteElo "1458"]
[BlackElo "1478"]

1. e4 e5 2. Nf3 d6 3. Bc4 Be6 4. d3 Bxc4 5. dxc4 Nc6 6. Be3 Nf6 7. Nc3 Ng4 8.
O-O Be7 9. Ng5 Bxg5 10. Qxg4 f6 11. Nd5 h5 12. Qe6+ Kf8 13. Bxg5 fxg5 14. c5 Qc8
15. cxd6 Qxe6 16. Nxc7 Qc8 17. Nxa8 Qxa8 18. Rad1 Kf7 19. c4 Nb4 20. a3 Nc2 21.
Rd2 Nd4 22. c5 Qc8 23. g3 Nf3+ 0-1

[Event "AUTO-INT-1129"]
[Site "http://www.queenalice.com/game.php?id=505096"]
[Date "2008.12.9"]
[Round "1"]
[White "dandi27"]
[Black "PROCURADOR_DA_REPUBLICA"]
[Result "0-1"]
[WhiteElo "1626"]
[BlackElo "1441"]

1. e4 e5 2. Nf3 Nc6 3. Bc4 Bc5 4. d3 d6 5. Ng5 Nh6 6. Qf3 Bg4 7. Qg3 Nd4 8. Nxf7
Nxf7 9. Qxg4 O-O 10. Bh6 g6 11. O-O Nxc2 12. h4 Nxa1 13. h5 Kh8 14. hxg6 Nxh6
15. Qh5 Kg7 16. Nd2 Nc2 17. Bf7 Nxf7 18. Qxh7+ Kf6 19. g7 Re8 20. Nf3 Ke7 21. a3
a5 22. Rc1 Kf6 23. Rxc2 Rg8 24. g4 Rxg7 25. Qh4+ Ng5 26. Qh6+ Kf7 27. Nh4 Qd7
28. Nf5 Rg6 29. Qh5 Nf3+ 30. Kg2 Nd4 31. Qh7+ Rg7 32. Nxg7 Qxg4+ 33. Kf1 Nxc2
34. Nf5+ Kf6 35. Qh6+ Qg6 36. Qh4+ Qg5 37. Qh7 Rg8 38. Qe7+ Kg6 39. Qe6+ Kh5 40.
Qf7+ Kg4 41. Qxc7 Qf4 42. Ng3 Qxf2# 0-1

[Event "AUTO-INT-1129"]
[Site "http://www.queenalice.com/game.php?id=505097"]
[Date "2008.12.9"]
[Round "1"]
[White "PROCURADOR_DA_REPUBLICA"]
[Black "wickedhardcore"]
[Result "0-1"]
[WhiteElo "1443"]
[BlackElo "2006"]

1. e4 c5 2. Nf3 g6 3. Bc4 Bg7 4. c3 Nc6 5. d3 Nf6 6. Ng5 O-O 7. Qf3 Ne5 8. Qf4
Nxc4 9. dxc4 h6 10. Nf3 d6 11. O-O Be6 12. e5 dxe5 13. Nxe5 Nh5 14. Qe4 Qc7 15.
Nxg6 fxg6 16. Qxe6+ Kh7 17. Be3 Rad8 18. Nd2 Rf6 19. Qe4 Rdf8 20. b4 b6 21. b5
Nf4 22. g3 Ne2+ 23. Kg2 Nxc3 24. Qc2 Qd7 25. Ne4 Nxe4 26. Qxe4 Re6 27. Qh4 Qb7+
28. Kh3 Qe4 29. Rae1 Qxh4+ 30. Kxh4 Re4+ 31. f4 Rxc4 32. g4 Rc2 33. a4 Rxh2+ 34.
Kg3 Ra2 35. g5 hxg5 36. fxg5 Rxf1 37. Rxf1 Rxa4 38. Bf4 Bd4 39. Bc7 Kg7 40. Bb8
Be3 41. Be5+ Kg8 42. Rh1 Bxg5 43. Rh8+ Kf7 44. Rc8 Ke6 45. Bb8 Kf5 46. Rh8 Bf4+
47. Kf3 Bxb8 48. Rxb8 Ra3+ 49. Ke2 Ke4 50. Rd8 Ra2+ 0-1

[Event "AUTO-INT-1129"]
[Site "http://www.queenalice.com/game.php?id=505098"]
[Date "2008.12.9"]
[Round "1"]
[White "wickedhardcore"]
[Black "PROCURADOR_DA_REPUBLICA"]
[Result "1-0"]
[WhiteElo "1832"]
[BlackElo "1460"]

1. e4 e5 2. Nf3 Nc6 3. Bc4 Bc5 4. O-O d6 5. c3 f5 6. exf5 Bxf5 7. d4 Bb6 8. dxe5
dxe5 9. Bg5 Nce7 10. Qb3 Qd6 11. Nbd2 O-O-O 12. a4 h6 13. Bh4 g5 14. Bg3 Ng6 15.
a5 Bg4 16. axb6 cxb6 17. Rxa7 Bxf3 18. Nxf3 e4 19. Bxd6 Rxd6 20. Ra8+ Kc7 21.
Nd4 Kd7 22. Nb5 Rc6 23. Rd1+ Ke7 24. Rdd8 Nf4 25. Rxg8 Rh7 26. Rae8+ Kf6 27. Nd4
Re7 28. Rxe7 1-0

[Event "AUTO-INT-1129"]
[Site "http://www.queenalice.com/game.php?id=505099"]
[Date "2008.12.9"]
[Round "1"]
[White "PROCURADOR_DA_REPUBLICA"]
[Black "AlexsandroB"]
[Result "1-0"]
[WhiteElo "1440"]
[BlackElo "1511"]

1. e4 c5 2. Nf3 e6 3. d4 cxd4 4. Qxd4 Nc6 5. Qd3 Qc7 6. Nc3 Nf6 7. Be2 Bb4 8.
O-O O-O 9. Bg5 Ne5 10. Nxe5 Bxc3 11. bxc3 Qxe5 12. f4 Qxe4 13. Qd2 Nd5 14. Bd3
Qe3+ 15. Qf2 1-0

[Event "AUTO-INT-1129"]
[Site "http://www.queenalice.com/game.php?id=505100"]
[Date "2008.12.9"]
[Round "1"]
[White "AlexsandroB"]
[Black "PROCURADOR_DA_REPUBLICA"]
[Result "0-1"]
[WhiteElo "1511"]
[BlackElo "1419"]

1. d4 d5 2. c4 dxc4 3. Nc3 Nc6 4. e3 e6 5. Bxc4 Bb4 6. Nf3 Bxc3+ 7. bxc3 Nf6 8.
O-O O-O 9. e4 Nxe4 10. Qc2 e5 11. Qxe4 exd4 12. Nxd4 Be6 13. Nxc6 bxc6 14. Bxe6
fxe6 0-1